[Event "Belgrade Trako"]
[Site "Belgrade"]
[Date "1995.??.??"]
[Round "6"]
[White "Damljanovic, Branko"]
[Black "Arsovic, Goran"]
[Result "1-0"]
[WhiteElo "2575"]
[BlackElo "2385"]

1.d4 Nf6 2.c4 e6 3.Nf3 b6 4.g3 Ba6 5.b3 d5 6.cxd5 exd5 7.Bg2 c5 8.O-O Nc6
9.Nc3 Rc8 10.Bg5 Be7 11.dxc5 bxc5 12.Rc1 Nb4 13.a3 d4 14.axb4 dxc3 15.Rxc3 O-O
16.Qa1 cxb4 17.Rxc8 Bxc8 18.Qxa7 h6 19.Be3 Qd7 20.Qxd7 Bxd7 21.Ra1 Rc8 22.Nd4 Kf8
23.Bd2 Bd6 24.e3 Ke7 25.h3 Ne8 26.Ra7 Bc5 27.Ra5 Nd6 28.Nc6+  1-0

[Event "Belgrade Trako"]
[Site "Belgrade"]
[Date "1995.??.??"]
[Round "8"]
[White "Timoshenko, Georgy"]
[Black "Ostojic, Nikola"]
[Result "1/2-1/2"]
[WhiteElo "2555"]
[BlackElo "2465"]

1.d4 Nf6 2.c4 e6 3.Nf3 b6 4.g3 Ba6 5.b3 Bb4+ 6.Bd2 Be7 7.Bg2 d5 8.cxd5 exd5
9.Nc3 Bb7 10.O-O O-O 11.Rc1 Na6 12.Bf4 c5 13.Qc2 Qc8 14.Qb1 h6 15.Rfd1 Qe6
16.a3 Rfd8 17.Qb2 Bf8 18.h4 Nh5 19.Bd2 Qe7 20.Re1 Nf6 21.dxc5 bxc5 22.Na2 Ne4
23.Ba5 Re8 24.e3 Rab8 25.Nc3 Nf6 26.Ne2 Ba8 27.Qc2 Ne4 28.Nc3 Nf6 29.Rb1 Bc6
30.Nd2 Bb7 31.Ne2 Nc7 32.Bc3 Nb5 33.Bb2 Rbc8 34.Rbd1 d4 35.exd4 cxd4 36.Qd3 Bxg2
37.Kxg2 Qb7+ 38.Qf3 Qxf3+ 39.Nxf3 Rc2 40.Nexd4  1/2-1/2

[Event "Biel op"]
[Site "Biel"]
[Date "1995.??.??"]
[Round "6"]
[White "Kuzmin, Alexey"]
[Black "Razuvaev, Yuri S"]
[Result "1/2-1/2"]
[WhiteElo "2500"]
[BlackElo "2585"]

1.d4 Nf6 2.c4 e6 3.Nf3 b6 4.g3 Ba6 5.Qa4 Bb7 6.Bg2 Be7 7.Nc3 Ne4 8.Nxe4 Bxe4
9.O-O O-O 10.Rd1 d6 11.d5 Qe8 12.Qxe8 Rxe8 13.Nd4 Bxg2 14.Kxg2 Bf6 15.Be3  1/2-1/2

[Event "SWE-ch"]
[Site "Borlange"]
[Date "1995.??.??"]
[Round "1"]
[White "Astrom, Robert"]
[Black "Akesson, Ralf"]
[Result "1-0"]
[WhiteElo "2395"]
[BlackElo "2465"]

1.d4 Nf6 2.c4 e6 3.Nf3 b6 4.g3 Ba6 5.b3 Bb4+ 6.Bd2 Be7 7.Bg2 Bb7 8.Nc3 O-O
9.O-O Na6 10.Bc1 d5 11.Ne5 c5 12.Bb2 Re8 13.Rc1 Qb8 14.cxd5 exd5 15.e3 Rd8
16.Qf3 Nc7 17.dxc5 bxc5 18.Na4 Ne6 19.Rfd1 a5 20.Nd3 Ne4 21.Qg4 g6 22.Bxe4 h5
23.Qe2 dxe4 24.Ndxc5 Rxd1+ 25.Qxd1 Ng5 26.Qd7  1-0

[Event "RUS-chT"]
[Site "Briansk"]
[Date "1995.??.??"]
[Round "4"]
[White "Lobach, Pavel V"]
[Black "Veresagin, Jurij"]
[Result "1/2-1/2"]
[WhiteElo "2250"]
[BlackElo "2410"]

1.d4 Nf6 2.c4 e6 3.Nf3 b6 4.g3 Ba6 5.b3 Bb4+ 6.Bd2 Be7 7.Bg2 O-O 8.O-O c6
9.Bc3 d5 10.Nbd2 Nbd7 11.Re1 Rc8 12.e4 dxe4 13.Nxe4 Nxe4 14.Rxe4 Bb7 15.Re2 Qc7
16.Rd2 Rcd8 17.Qe2 Nf6 18.Rad1 c5 19.Ne5 Bxg2 20.Kxg2 cxd4 21.Rxd4 Rxd4 22.Rxd4 Bd6
23.Rd3 Re8 24.f3 h6 25.Qb2 Rc8 26.Qe2 Re8 27.Qb2 Rc8  1/2-1/2

[Event "RUS-chT"]
[Site "Briansk"]
[Date "1995.??.??"]
[Round "5"]
[White "Gagarin, Vasilij"]
[Black "Obukhov, Alexander"]
[Result "1/2-1/2"]
[WhiteElo "2440"]
[BlackElo "2445"]

1.d4 Nf6 2.Nf3 e6 3.c4 b6 4.g3 Ba6 5.b3 Bb4+ 6.Bd2 Be7 7.Bg2 Bb7 8.Nc3 d5
9.cxd5 exd5 10.O-O O-O 11.Qc2 Na6 12.Rfd1 Qc8 13.Bf4 c5 14.Be5 Rd8 15.Rac1 Ne4
16.Qb2 f6 17.Bf4 Qe6 18.a3 Bf8 19.Be3 Qe7 20.dxc5 Nxc3 21.Rxc3 bxc5 22.Bc1 d4
23.Rcd3 Be4 24.R3d2 Rab8 25.b4 Kh8 26.Qa1 cxb4 27.axb4 Nxb4 28.Nxd4 Nc2 29.Nxc2 Bxc2
30.Rxd8 Rxd8 31.Rxd8 Qxd8 32.Be3 a5 33.Bd4 a4 34.Bc6 a3 35.e4 Qb8 36.Bd5 Qb1+
37.Qxb1 Bxb1 38.Kf1 Bd3+ 39.Ke1 Bb4+ 40.Kd1 h6 41.f3 Bf1 42.Kc2 Bg2 43.e5 fxe5
44.Bxe5 Kh7 45.Kb3 Bc5 46.h4 g5 47.hxg5 hxg5 48.g4 Kg6 49.Bc3 Be7 50.Bd2 Bh1
51.Bc1 Bg2 52.Bxa3 Bxa3 53.Kxa3 Bh3 54.Kb2 Kf6 55.Kc3 Ke5 56.Bc6 Kf4 57.Kd2 Bxg4  1/2-1/2

[Event "RUS-chT"]
[Site "Briansk"]
[Date "1995.??.??"]
[Round "5"]
[White "Pospelov, Evgeny"]
[Black "Kastanieda, Georgiy"]
[Result "0-1"]
[WhiteElo "2385"]
[BlackElo "2405"]

1.Nf3 Nf6 2.d4 e6 3.c4 b6 4.g3 Ba6 5.b3 d5 6.Bg2 dxc4 7.Ne5 Bb4+ 8.Kf1 c6
9.Nxc4 O-O 10.Bb2 Qc7 11.Nbd2 Rd8 12.Qc2 Nbd7 13.Rc1 Rac8 14.Ne4 Be7 15.Ng5 h6
16.h4 Bxc4 17.bxc4 Nf8 18.Ne4 Nxe4 19.Bxe4 Bf6 20.e3 e5 21.Bf5 Rb8 22.Rd1 exd4
23.exd4 Rd6 24.Kg2 Rbd8 25.Rhe1 Bxd4 26.Bc1 Be5 27.Rxd6 Qxd6 28.Qe4 Bf6 29.Bf4 Qc5
30.Qc2 h5  0-1

[Event "Spring op"]
[Site "Budapest"]
[Date "1995.??.??"]
[Round "?"]
[White "Kovacs, Janos"]
[Black "Arnold, Ferenc"]
[Result "0-1"]
[WhiteElo "2180"]
[BlackElo "2325"]

1.d4 Nf6 2.c4 e6 3.Nf3 b6 4.g3 Ba6 5.b3 d5 6.cxd5 exd5 7.Bg2 Bd6 8.O-O O-O
9.Nc3 Re8 10.Re1 h6 11.Nh4 Bb7 12.Nf5 Bf8 13.Qc2 Nc6 14.Bf4 a6 15.a3 g6 16.Nxh6+ Bxh6
17.Bxh6 Nxd4 18.Qd1 Ne6 19.h3 c5 20.Qd2 Ra7 21.Bg5 Nxg5 22.Qxg5 d4 23.Bxb7 Rxb7
24.Rad1 Rd7 25.Na4 Rd5 26.Qc1 Ne4 27.Rd3 b5 28.Nb2 Qd7 29.Kg2 Rde5 30.Qc2 Ng5
31.g4 Qd5+ 32.Kg1 Qe4 33.Qd2 Qd5 34.Qc2 Ne6 35.Rf3 Ng5 36.Rd3 Re4 37.Rg3 Nxh3+
38.Rxh3 Rxg4+ 39.Rg3 Rxg3+ 40.fxg3 Re3 41.Kf2 Rxb3 42.e4 Qe6 43.Kg2 c4 44.Qf2 Qe5
45.a4 d3 46.Nd1 bxa4 47.Qd2 a3 48.Nf2 Rb2 49.Qf4 Qxf4 50.gxf4 a2 51.Ra1 c3
52.Kf3 d2  0-1

[Event "Budapest FS07 GM"]
[Site "Budapest"]
[Date "1995.??.??"]
[Round "?"]
[White "Gonzalez Garcia, Jose"]
[Black "Csom, Istvan"]
[Result "1/2-1/2"]
[WhiteElo "2375"]
[BlackElo "2455"]

1.d4 Nf6 2.c4 e6 3.Nf3 b6 4.g3 Ba6 5.b3 Bb7 6.Bg2 Bb4+ 7.Bd2 a5 8.O-O O-O
9.Qc2 h6 10.a3 Bxd2 11.Nbxd2 d5 12.cxd5 exd5 13.Rac1 Na6 14.Ne5 Qe7 15.Qb2 c5
16.e3 Rfd8 17.Rfd1 Rac8 18.Nd3 cxd4 19.exd4 Nc7 20.Re1 Qd6 21.Bh3 Ne6 22.Bxe6 fxe6
23.b4 axb4 24.Qxb4 Ra8 25.Nf4 Rxa3 26.Qxd6 Rxd6 27.Rc7 Bc6 28.Nxe6 Bd7 29.Nf4 Kf7
30.Nb1 Ra1 31.Nd3 Kg8 32.Nc3 Rxe1+ 33.Nxe1 Be8 34.Nd3 Rc6 35.Rxc6 Bxc6 36.f3 Kf8
37.Nb4 Bb7 38.Na4 Nd7 39.Nc3 Nf6 40.Kf2 Ke7 41.Ke3 Kd6 42.Na4 Nd7 43.Nc3 Nf6
44.Kf2 Ke7 45.Ke3 Kd6 46.Na4 b5 47.Nc5 Bc8 48.Ncd3 Bf5 49.Ne5 Ne8 50.g4 Bb1
51.h4 Nc7 52.f4 h5 53.gxh5 Ke6 54.Ng4 Ne8 55.h6 gxh6 56.Nxh6 Nf6 57.Na6 Ne8
58.Ng4 Nd6 59.Nc7+ Kd7 60.Nxd5 Nf5+ 61.Kd2 Nxd4 62.Kc3 Nc6 63.h5 Kd6 64.Nb4 Ne7
65.h6 Ke6 66.Kd4 Bh7 67.Nd3 Kf5 68.Nge5 Ng6 69.Nf7 Nxf4 70.Nxf4 Kxf4  1/2-1/2

[Event "Budapest FS07 IM-B"]
[Site "Budapest"]
[Date "1995.??.??"]
[Round "?"]
[White "Breier, Andreas"]
[Black "Mueller, A."]
[Result "0-1"]
[WhiteElo "2225"]
[BlackElo "2185"]

1.c4 Nf6 2.Nf3 e6 3.d4 b6 4.g3 Ba6 5.b3 Bb4+ 6.Bd2 Be7 7.Bg2 c6 8.Nc3 d5
9.Ne5 Nfd7 10.Nxd7 Nxd7 11.O-O O-O 12.e3 Nf6 13.Qe2 Rc8 14.Rfd1 c5 15.dxc5 Bxc5
16.Nb5 Qe7 17.Bc3 Bxb5 18.cxb5 Ba3 19.Bd4 Rc7 20.Be5 Rc5 21.e4 Rfc8 22.exd5 exd5
23.Re1 Rc2 24.Qd3 Bb4 25.Bxf6 Qxf6 26.Rf1 Rd2 27.Qe3 d4 28.Qe4 Rcc2 29.Bf3 Bc5
30.Qa8+ Bf8 31.Rae1 g6 32.Re8 Qd6 33.Qxa7 Rxa2 34.Qb8 Kg7 35.Qb7 d3 36.Qc6 Rdc2
37.Qxd6 Bxd6 38.Rd8 Bc5 39.Rxd3 Rxf2 40.Rxf2 Rxf2 41.Kh1 Kf6 42.Bd5 Ke5 43.Bc6 f5
44.Rd5+ Ke6 45.Rd3 Kf6 46.Rf3 Rb2 47.g4 Rb1+ 48.Kg2 Rg1+ 49.Kh3 Rxg4 50.Rg3 Rd4
51.Rc3 g5 52.Kg2 Rd2+ 53.Kh1 Bd4 54.Rc4 g4 55.Rc1 Kg5 56.Rf1 f4 57.Bd5 h5
58.b4 h4 59.Be6 g3 60.hxg3 hxg3  0-1

[Event "Budapest FS12 IM"]
[Site "Budapest"]
[Date "1995.??.??"]
[Round "1"]
[White "Arnold, Johannes"]
[Black "Sziraki, Tamas"]
[Result "1/2-1/2"]
[WhiteElo "2250"]
[BlackElo "2255"]

1.d4 Nf6 2.Nf3 e6 3.c4 b6 4.g3 Ba6 5.b3 Bb4+ 6.Bd2 Be7 7.Qc2 O-O 8.Bg2 d5
9.O-O c6 10.Bc1 Nbd7 11.Nbd2 Rc8 12.Re1 c5 13.a4 dxc4 14.Nxc4 cxd4 15.Nxd4 Ne5
16.Nb5 Bb4 17.Rd1 Qe7 18.Bd2 Nxc4 19.bxc4 Bc5 20.Qb3 Bb7 21.a5 Bxg2 22.Kxg2 Rfd8
23.axb6 Bxb6 24.Bb4 Qb7+ 25.f3 Rxd1 26.Rxd1 Rd8 27.c5 Rxd1 28.Qxd1 Bc7 29.Qa4 Bb8
30.Nd4 h6 31.c6 Qb6 32.Ba5 Qc5 33.Qb5 Qd6 34.Qc4 Nd5 35.Qc1 Qe5 36.e4 Nb6
37.Bxb6 axb6 38.Qc4 h5 39.Nb5 Bc7 40.f4 Qb2+ 41.Kh3 Bxf4 42.gxf4 Qf2 43.Qd3 Qxf4
44.Kg2 Qg5+ 45.Kf2 Qc5+ 46.Nd4 e5 47.Qc2 Qxd4+ 48.Kg2 Qd8 49.c7 Qc8 50.Qc6 Kf8  1/2-1/2

[Event "Budapest"]
[Site "Budapest"]
[Date "1995.??.??"]
[Round "4"]
[White "Serdt, Simon"]
[Black "Wohlfahrt, Herbert J"]
[Result "0-1"]
[WhiteElo "2235"]
[BlackElo "2225"]

1.d4 Nf6 2.c4 e6 3.Nf3 b6 4.g3 Ba6 5.Qa4 Bb7 6.Bg2 c5 7.O-O cxd4 8.Nxd4 Bxg2
9.Kxg2 Bc5 10.Rd1 O-O 11.Nc3 Qc8 12.Bg5 Qb7+ 13.f3 Be7 14.e4 h6 15.Be3 Nc6
16.Rd2 Ne5 17.Bf4 Ng6 18.Be3 Ne5 19.Bf4 Ng6 20.Be3 Rfc8 21.Rad1 Ne5 22.b3 a6
23.Nde2 Rcb8 24.Bf4 b5 25.cxb5 axb5 26.Qd4 Nc6 27.Qd3 e5 28.Be3 Nb4 29.Qb1 Rd8
30.a4 d5 31.Nxd5 Nbxd5 32.exd5 Rxd5 33.Rxd5 Nxd5 34.Qe4 Nxe3+ 35.Qxe3 bxa4
36.bxa4 Rxa4 37.Qxe5 Ra2 38.Ra1 Rc2 39.Rc1 Rb2 40.Rc8+ Bf8 41.Re8 Qb4 42.h4 Rc2
43.h5 Qc4 44.Kh3 Qd3 45.Qe7 Qf5+ 46.g4 Qxf3+ 47.Ng3 Qg2+  0-1

[Event "Budapest"]
[Site "Budapest"]
[Date "1995.??.??"]
[Round "5"]
[White "Gonzalez Garcia, Jose"]
[Black "Petran, Pal"]
[Result "1-0"]
[WhiteElo "2360"]
[BlackElo "2470"]

1.d4 Nf6 2.c4 e6 3.Nf3 b6 4.g3 Ba6 5.b3 Bb7 6.Bg2 Bb4+ 7.Bd2 a5 8.O-O O-O
9.Qc2 d5 10.Bg5 Be7 11.Nc3 Nbd7 12.Rad1 Ne4 13.Bxe7 Qxe7 14.Nxe4 dxe4 15.Ne5 Nf6
16.Qc3 Rfd8 17.f4 Qb4 18.Qe3 a4  1-0

[Event "HUN-ch Super"]
[Site "Budapest"]
[Date "1995.??.??"]
[Round "8"]
[White "Kallai, Gabor"]
[Black "Sax, Gyula"]
[Result "1/2-1/2"]
[WhiteElo "2490"]
[BlackElo "2550"]

1.d4 Nf6 2.c4 e6 3.Nf3 b6 4.g3 Ba6 5.b3 Bb4+ 6.Bd2 Be7 7.Bg2 c6 8.Bc3 d5
9.Ne5 Nfd7 10.Nxd7 Nxd7 11.Nd2 O-O 12.O-O Rc8 13.e4 b5 14.Re1 bxc4 15.bxc4 dxc4
16.Qc2  1/2-1/2

[Event "Budapest Elekes"]
[Site "Budapest"]
[Date "1995.??.??"]
[Round "10"]
[White "Gonzalez, GJ."]
[Black "Farago, Ivan"]
[Result "1/2-1/2"]
[WhiteElo "2360"]
[BlackElo "2515"]

1.d4 Nf6 2.c4 e6 3.Nf3 b6 4.g3 Ba6 5.b3 Bb4+ 6.Bd2 Be7 7.Bg2 d5 8.Ne5 c6
9.Bc3 Nfd7 10.Nxd7 Nxd7 11.Nd2 O-O 12.O-O Rb8 13.e4 b5 14.Rc1 bxc4 15.bxc4 dxc4
16.Qa4 Bb5 17.Qc2 e5 18.Nf3 Qc7 19.Rfd1 Bf6 20.dxe5 Nxe5 21.Nxe5 Bxe5 22.Bf1 Bxc3
23.Qxc3 c5 24.Rd5  1/2-1/2

[Event "Budapest FS10 GM"]
[Site "Budapest"]
[Date "1995.??.??"]
[Round "11"]
[White "Gonzalez Garcia, Jose"]
[Black "Van den Doel, Erik"]
[Result "1/2-1/2"]
[WhiteElo "2375"]
[BlackElo "2305"]

1.d4 Nf6 2.c4 e6 3.Nf3 b6 4.g3 Ba6 5.b3 Bb4+ 6.Bd2 Be7 7.Bg2 d5 8.Ne5 O-O
9.O-O Bb7 10.Nc3 Na6 11.cxd5 exd5 12.Qc2 Qc8 13.Bg5 Rd8 14.Rfd1 h6 15.Be3 Qe6
16.Nd3 Bf8 17.Nf4 Qe8 18.Qf5 c6 19.Nh5 Nh7 20.Nf4 Nf6 21.Nh5 Nh7 22.Nf4  1/2-1/2

[Event "Buenos Aires Clarin op"]
[Site "Buenos Aires"]
[Date "1995.??.??"]
[Round "2"]
[White "Quiroga, Facundo"]
[Black "Lorenzini, Martin"]
[Result "1-0"]
[WhiteElo "2440"]
[BlackElo "2305"]

1.d4 Nf6 2.c4 e6 3.Nf3 b6 4.g3 Ba6 5.b3 Bb4+ 6.Bd2 Be7 7.Bg2 Bb7 8.O-O O-O
9.Nc3 d5 10.Ne5 Nbd7 11.Rc1 c5 12.cxd5 Nxe5 13.d6 cxd4 14.Bxb7 dxc3 15.dxe7 Qxe7
16.Bxc3 Qxb7 17.Bxe5 Rfd8 18.Qc2 Rac8 19.Rfd1 Ne8 20.Rxd8 Rxd8 21.g4 Qd5
22.Bg3 h5 23.gxh5 Qxh5 24.Rd1 Rxd1+ 25.Qxd1 Nf6 26.Qc2 Qd5 27.f3 b5 28.Qc8+ Kh7
29.Qc7 Qd7 30.Kf2 Qd4+ 31.Kg2 a6 32.Qxf7 Qe3 33.Kf1 Qc1+ 34.Be1 Qc8 35.Qa7 Kg8
36.Qd4 Kf7 37.Bc3 Qc7 38.Qe5 Qc6 39.Kf2 Ne8 40.Bd4 Qd7 41.Qf4+ Kg8 42.Be5 Qc6
43.Qd4 Qb7 44.Qd8 Kf7 45.Qb8 Qc6 46.Qa7+ Kf8 47.Bd4 Kg8 48.Qe7 Qc8 49.h4 Qc6
50.h5 Qc8 51.b4 Qc6 52.Be5 Qb6+ 53.Kg2 Qc6 54.Kg3 Qc8 55.Kh4 Qc6 56.h6 gxh6
57.Kh5 Qc8 58.e4  1-0

[Event "Buenos Aires VII Najdorf op"]
[Site "Buenos Aires"]
[Date "1995.??.??"]
[Round "5"]
[White "Garcia, R."]
[Black "Lorenzini, Martin"]
[Result "1/2-1/2"]
[WhiteElo "2395"]
[BlackElo "2265"]

1.d4 Nf6 2.Nf3 e6 3.c4 b6 4.g3 Ba6 5.b3 Bb4+ 6.Bd2 Be7 7.Bg2 Bb7 8.O-O O-O
9.Nc3 Ne4 10.d5 Nxc3 11.Bxc3 exd5 12.cxd5 c5 13.dxc6 dxc6 14.Qxd8 Rxd8 15.Ne5 f6
16.Nd3 Na6 17.Rac1 Kf7 18.h4 Rac8 19.Rfd1 Ba3 20.Rb1 Be7 21.h5 Nc7 22.Nf4 Rxd1+
23.Rxd1 Nd5 24.Bd2 Nxf4 25.Bxf4 Rd8 26.Rc1 Ba3 27.Rc4 Rd1+ 28.Kh2 Bc5 29.b4 Bxf2
30.Bxc6 b5 31.Rc2 Bxc6 32.Rxc6 Ke7 33.Kg2 Bb6 34.Rc2 Kd7 35.Kf3 g6 36.hxg6 hxg6
37.Rd2+ Rxd2 38.Bxd2 Ke6 39.e4 Bd4 40.g4 Bb6 41.Bc3 Bc7 42.Ke2 Be5 43.Be1 Bb2
44.Kd3 a6 45.Kc2 Ba1 46.Kd3  1/2-1/2

[Event "Buenos Aires op"]
[Site "Buenos Aires"]
[Date "1995.??.??"]
[Round "6"]
[White "Maggiolo, Sonia"]
[Black "Olivieri, Martin"]
[Result "0-1"]
[WhiteElo "2080"]
[BlackElo "2285"]

1.d4 Nf6 2.Nf3 e6 3.c4 b6 4.g3 Ba6 5.b3 Bb4+ 6.Bd2 Qe7 7.Bg2 Bxd2+ 8.Qxd2 Bb7
9.O-O d6 10.Nc3 Nbd7 11.Qc2 c5 12.d5 e5 13.e4 O-O 14.a3 g6 15.b4 Nh5 16.Bh3 Ng7
17.Ne1 f5 18.Nd3 fxe4 19.Nxe4 Nf5 20.bxc5 bxc5 21.Rab1 Nb6 22.Qa2 Ba6 23.Nb2 Nd4
24.a4 Rf3 25.a5 Nd7 26.Bg4 Nf6 27.Bxf3 Nxf3+ 28.Kg2 Nh4+ 29.gxh4 Nxe4 30.Rbc1 Qxh4
31.f3 Qg5+ 32.Kh1 Nf2+ 33.Rxf2 Qxc1+ 34.Kg2 Qg5+ 35.Kh1 Rb8 36.Re2 Rb4 37.Rc2 Qe3
38.Kg2 e4 39.Rf2 Qg5+  0-1

[Event "Cannes op"]
[Site "Cannes"]
[Date "1995.??.??"]
[Round "5"]
[White "Nalbandian, Tigran"]
[Black "Solozhenkin, Evgeniy"]
[Result "1/2-1/2"]
[WhiteElo "2430"]
[BlackElo "2480"]

1.d4 Nf6 2.Nf3 e6 3.c4 b6 4.g3 Ba6 5.Qa4 Bb7 6.Bg2 c5 7.O-O cxd4 8.Nxd4 Bxg2
9.Kxg2 Qc7 10.Rd1 a6 11.f3 Qb7 12.e4 Be7 13.Nc3 O-O 14.Qc2 d6 15.Qe2 Nbd7
16.b3  1/2-1/2

[Event "Cannes op"]
[Site "Cannes"]
[Date "1995.??.??"]
[Round "5"]
[White "Renaze, Luc"]
[Black "Salaun, Yann"]
[Result "1/2-1/2"]
[WhiteElo "2285"]
[BlackElo "2355"]

1.d4 Nf6 2.c4 e6 3.Nf3 b6 4.g3 Ba6 5.Qa4 Bb7 6.Bg2 c5 7.O-O cxd4 8.Nxd4 Bxg2
9.Kxg2 Qc8 10.Nc3 Qb7+ 11.f3 Be7 12.Rd1 a6 13.e4 O-O 14.Bf4 d6 15.Nde2 Rd8
16.Rd2 Nc6 17.Qd1 Ne8 18.a4 Rac8 19.b3 Bf6 20.Rc1 Be7 21.h4 Ne5 22.Rcc2 Nf6
23.Bxe5 dxe5 24.Rxd8+ Rxd8 25.Rd2 Rxd2 26.Qxd2 Nd7 27.Na2 Nb8 28.Nac1 f6
29.b4 Qc6 30.b5 Qxc4 31.Qc3 Qxc3 32.Nxc3 a5 33.Nd3 Nd7 34.Nd1 Kf7 35.N1b2 Ke8
36.Nc4 Bd8 37.Kf2 Ke7 38.Ke2 Bc7 39.g4 g6 40.Kf2 Bb8 41.Kg2 Bd6 42.Kf2 Bc7
43.Kg2 Nf8 44.Kh3 h5 45.Kg3 Nd7 46.Kh3 Bd6 47.Kg3 Bb4 48.Kh3 Bc3 49.Kg3 Bd4
50.Kh3 Nf8 51.Kg3 Nh7 52.Kh3 hxg4+ 53.fxg4 Nf8 54.Kg3 Nd7 55.Kf3 f5 56.g5 Bc3
57.Ne3 Bd4 58.Nc4 Kf7 59.Nd2 Nc5 60.Nxc5 Bxc5 61.Nc4 Bd4 62.Ke2 Ke7 63.Kd3  1/2-1/2

[Event "Cannes op"]
[Site "Cannes"]
[Date "1995.??.??"]
[Round "7"]
[White "Skembris, Spyridon"]
[Black "Salaun, Yann"]
[Result "1-0"]
[WhiteElo "2525"]
[BlackElo "2355"]

1.d4 Nf6 2.c4 e6 3.Nf3 b6 4.g3 Ba6 5.Qa4 Bb7 6.Bg2 c5 7.dxc5 Bxc5 8.Nc3 Be7
9.O-O Na6 10.Be3 Qc8 11.Rac1 Nc5 12.Qc2 O-O 13.Bd4 Nce4 14.Rfd1 Nxc3 15.Qxc3 Bc6
16.Bh3 d6 17.Qe3 Qb7 18.b4 Rad8 19.b5 Bxf3 20.exf3 d5 21.c5 bxc5 22.Bxc5 Bxc5
23.Qxc5 Rc8 24.Qb4 a6 25.a4 axb5 26.axb5 Qb6 27.Bf1 e5 28.Qa3 d4 29.Rxc8 Rxc8
30.Rc1 Rxc1  1-0

[Event "Cappelle op"]
[Site "Cappelle la Grande"]
[Date "1995.??.??"]
[Round "5"]
[White "Mandel, Andreas"]
[Black "Solozhenkin, Evgeniy"]
[Result "1-0"]
[WhiteElo "2355"]
[BlackElo "2480"]

1.d4 Nf6 2.Nf3 e6 3.c4 b6 4.g3 Ba6 5.b3 Bb4+ 6.Bd2 Be7 7.Bg2 c6 8.Bc3 d5
9.Nbd2 Nbd7 10.O-O O-O 11.Re1 c5 12.e4 dxc4 13.bxc4 cxd4 14.Nxd4 Ne5 15.Nxe6 fxe6
16.Bxe5 Bc5 17.Rf1 Rc8 18.Qe2 Qe8 19.a4 Bb4 20.Rfc1 Qg6 21.Bf4 Ng4 22.e5 Bc5
23.Rf1 Rc7 24.h3 Nh6 25.Be3 Nf5 26.Bxc5 Rxc5 27.Kh1 Qf7 28.Rac1 Qc7 29.Rfe1 Rd8
30.Kh2 Ra5 31.Ra1 Nd4 32.Qe4 Rc5 33.Rad1 Nc6 34.Qg4 Qe7 35.f4 Rd4 36.Nf3 Rxd1
37.Rxd1 Rxc4 38.Rd6 Bc8 39.Rd2 Rxa4 40.Ng5 Nd4 41.Qd1 Qb4 42.Qh5  1-0

[Event "Cappelle op"]
[Site "Cappelle la Grande"]
[Date "1995.??.??"]
[Round "6"]
[White "Tsiganova, Monika"]
[Black "Jensen, Stein"]
[Result "1-0"]
[WhiteElo "2245"]
[BlackElo "2205"]

1.d4 Nf6 2.c4 e6 3.Nf3 b6 4.g3 Ba6 5.Nbd2 d5 6.Bg2 Be7 7.O-O O-O 8.Qc2 Bb7
9.b3 Nbd7 10.Bb2 Rc8 11.Ne5 c5 12.dxc5 Nxe5 13.Bxe5 Nd7 14.Bb2 Nxc5 15.Rad1 Bf6
16.Bxf6 Qxf6 17.b4 Nd7 18.Qa4 Rc7 19.cxd5 Bxd5 20.Bxd5 exd5 21.Nf3 Qe7 22.Nd4 Nf6
23.Rd3 Rc4 24.a3 a5 25.Rb1 Rfc8 26.Kg2 Qe4+ 27.f3 Qe5 28.Qd1 h6 29.b5 R8c5
30.Qd2 Kf8 31.Rd1 Kg8 32.Re3 Qc7 33.Qb2 Kh7 34.Qb1+ Kg8 35.Nc6 Rc2 36.Qb3 R2c4
37.Kf2 Kf8 38.Red3 Kg8 39.Rd4 Rc3 40.Qb2 Rc2 41.Qb1 Kh8 42.a4 Qd7 43.Rh4 g5
44.Rxh6+ Kg7 45.Rxf6 Kxf6 46.Nd4 R2c4 47.Qh7 Ke7 48.Qg7 Kd8 49.Qxg5+ Kc7
50.Nb3 Qh3 51.Kg1  1-0

[Event "Cappelle op"]
[Site "Cappelle la Grande"]
[Date "1995.??.??"]
[Round "7"]
[White "Pieniazek, Andrzej"]
[Black "Shneider, Aleksandr"]
[Result "0-1"]
[WhiteElo "2205"]
[BlackElo "2530"]

1.d4 Nf6 2.c4 e6 3.Nf3 b6 4.g3 Ba6 5.b3 Bb4+ 6.Bd2 Be7 7.Bg2 c6 8.Bc3 d5
9.Ne5 Nfd7 10.Nxd7 Nxd7 11.Nd2 O-O 12.O-O Rc8 13.e4 b5 14.Re1 dxe4 15.Bxe4 bxc4
16.Nxc4 Nf6 17.Bg2 c5 18.Rc1 Bxc4 19.bxc4 cxd4 20.Bxd4 Bc5 21.Bxc5 Rxc5 22.Qxd8 Rxd8
23.Red1 Rdc8 24.Bf1 Kf8 25.Rb1 Ke7 26.f3 Nd7 27.Rb7 R8c7 28.Rxc7 Rxc7 29.Kf2 Rc5
30.Be2 Nb6 31.f4 Nxc4 32.Rc1 Nd6 33.Rxc5 Ne4+ 34.Ke3 Nxc5 35.Kd4 Kd6 36.Kc4 Kc6
37.Bf3+ Kb6 38.g4 Nb7 39.Kd4 Na5 40.Be4 Nc6+ 41.Kc4 Na5+ 42.Kd4 Nc6+ 43.Kc4 h6
44.h4 Na5+ 45.Kd4 Nc6+ 46.Kc4 Ne7 47.h5 Nc8 48.Kd4 Nd6 49.Bd3 Kc6 50.g5 f6
51.gxh6 gxh6 52.a4 Nc8 53.Bc2 Ne7 54.Be4+ Kd6 55.Bc2 f5 56.Kc4 Nd5 57.Kb5 Kc7
58.Bb3 Nxf4 59.Ka6 e5 60.Kxa7 e4  0-1

[Event "Cappelle op"]
[Site "Cappelle la Grande"]
[Date "1995.??.??"]
[Round "8"]
[White "Kiselev, Sergey"]
[Black "Razuvaev, Yuri S"]
[Result "1/2-1/2"]
[WhiteElo "2495"]
[BlackElo "2580"]

1.d4 Nf6 2.c4 e6 3.Nf3 b6 4.g3 Ba6 5.b3 Bb4+ 6.Bd2 Be7 7.Bg2 Bb7 8.O-O O-O
9.Bc3 d5 10.Nbd2 Nbd7 11.Qc2 c5 12.Rfd1 dxc4 13.Nxc4 b5 14.Nce5 Be4 15.Qc1 Nxe5
16.Nxe5 Bxg2  1/2-1/2

[Event "DEN-ch qual"]
[Site "Copenhagen"]
[Date "1995.??.??"]
[Round "2"]
[White "Lauridsen, Jesper Morck"]
[Black "Nielsen, Carsten"]
[Result "0-1"]
[WhiteElo "2200"]
[BlackElo "2015"]

1.d4 Nf6 2.c4 e6 3.Nf3 b6 4.g3 Ba6 5.b3 b5 6.cxb5 Bxb5 7.Bg2 Bc6 8.O-O g6
9.Nc3 Bg7 10.Ba3 Qc8 11.Rc1 Qb7 12.Qc2 Na6 13.Rfe1 Nb4 14.Qd2 a5 15.e4 O-O
16.Ne5 Rfd8 17.Nxc6 dxc6 18.e5 Nfd5 19.Ne4 Ne7 20.Rc4 Qb6 21.Nc5 Nf5 22.g4 Bh6
23.Qc3 Nh4 24.Bxb4 Nxg2 25.Qh3 Bg7 26.Qxg2 axb4 27.f4 Bf8 28.Kh1 Rd5 29.Ne4 Rxd4
30.Rxc6 Qa5 31.Nf6+ Kg7 32.g5 Qxa2 33.Qh3 h5 34.gxh6+ Kh8 35.Rxe6 Qd2 36.Rg1 Bc5
37.f5 Rd3 38.Qh4 Qe3 39.fxg6 Qxg1+  0-1

[Event "Copenhagen K41"]
[Site "Copenhagen"]
[Date "1995.??.??"]
[Round "2"]
[White "Danielsen, Henrik"]
[Black "Akesson, Ralf"]
[Result "0-1"]
[WhiteElo "2430"]
[BlackElo "2500"]

1.d4 Nf6 2.Nf3 e6 3.c4 b6 4.g3 Ba6 5.b3 Bb4+ 6.Bd2 Be7 7.Bg2 Bb7 8.O-O O-O
9.Nc3 Na6 10.Re1 d5 11.cxd5 exd5 12.Bg5 Ne4 13.Bxe7 Qxe7 14.Rc1 c5 15.e3 Rac8
16.Bh3 Rcd8 17.Qe2 Nb4 18.a3 Ba6 19.Nb5 Nc6 20.a4 Qf6 21.Bg2 cxd4 22.exd4 Bxb5
23.axb5 Nxd4 24.Nxd4 Qxd4 25.Bxe4 dxe4 26.Rc4 Qd3 27.Rxe4 g6 28.Re7 Qxb3
29.Rxa7 Rd5 30.Rb7 Rxb5 31.Qe3 Qb2 32.Rd1 Qf6 33.Rbd7 Re5 34.Qd4 Rfe8 35.Rd6 Qf3
36.Rd8 Rxd8 37.Qxd8+ Kg7 38.Qd4 Qf6 39.Kg2 b5 40.Rc1 h5 41.Rc7 Rf5 42.Qxf6+ Kxf6
43.Rb7 Ke6 44.h3 Kd6 45.g4 hxg4 46.hxg4 Kc6 47.Ra7 Rf4  0-1

[Event "Copenhagen K41"]
[Site "Copenhagen"]
[Date "1995.??.??"]
[Round "4"]
[White "Danielsen, Henrik"]
[Black "Petursson, Margeir"]
[Result "1/2-1/2"]
[WhiteElo "2430"]
[BlackElo "2535"]

1.d4 Nf6 2.c4 e6 3.Nf3 b6 4.g3 Ba6 5.b3 Bb7 6.Bg2 Bb4+ 7.Bd2 c5 8.O-O O-O
9.Bc3 Na6 10.Bb2 cxd4 11.Qxd4 Bc5 12.Qf4 Be7 13.Rd1 Nc5 14.Nc3 d6 15.Ne1 Bxg2
16.Nxg2 a6 17.Ne3 Qb8 18.b4 Ncd7 19.Ne4 Nxe4 20.Qxe4 Nf6 21.Qf4 b5 22.Rab1 Rc8
23.Rdc1 bxc4 24.Nxc4 Nd5 25.Qg4 Nf6 26.Qf4 Nd5 27.Qg4 Nf6 28.Qf4  1/2-1/2

[Event "Copenhagen"]
[Site "Copenhagen"]
[Date "1995.??.??"]
[Round "8"]
[White "Kristensen, Kaare"]
[Black "Carton, Niall"]
[Result "1-0"]
[WhiteElo "2280"]
[BlackElo "2240"]

1.d4 e6 2.c4 Nf6 3.Nf3 b6 4.g3 Ba6 5.b3 Bb4+ 6.Bd2 Bxd2+ 7.Qxd2 d5 8.cxd5 exd5
9.Nc3 O-O 10.Bg2 Bb7 11.O-O Nbd7 12.Rfd1 Re8 13.Rac1 Ne4 14.Qb2 Rc8 15.e3 Re6
16.Nxe4 dxe4 17.Ne5 Rd6 18.Nc4 Rh6 19.b4 Bd5 20.Rd2 Nf8 21.Rdc2 Ne6 22.Ne5 Ng5
23.h4 Nf3+ 24.Nxf3 exf3 25.Bh3 Rxh4 26.gxh4 Qxh4 27.Bxc8 Qg5+ 28.Kf1 Qg2+
29.Ke1 Qg1+ 30.Kd2 Qxf2+ 31.Kd3  1-0

[Event "Copenhagen op17"]
[Site "Copenhagen"]
[Date "1995.??.??"]
[Round "9"]
[White "Hansen, Lars Bo"]
[Black "Mortensen, Erling"]
[Result "1/2-1/2"]
[WhiteElo "2580"]
[BlackElo "2500"]

1.d4 Nf6 2.Nf3 e6 3.c4 b6 4.g3 Ba6 5.Qa4 c5 6.Bg2 Bb7 7.dxc5 bxc5 8.O-O Qb6
9.Nc3 Be7 10.Rd1 O-O 11.Qb3 d6 12.Bf4 Nbd7 13.Qxb6 Nxb6 14.b3 Nc8 15.h3 a6
16.g4 Ne4 17.Nxe4 Bxe4 18.Nd2 Bxg2 19.Kxg2 a5 20.a4 f5 21.gxf5 exf5 22.Nf3 Ra7
23.h4 Re8 24.Rd3 Bf8 25.Re1 Re4 26.e3 g6 27.h5 Re8 28.hxg6 hxg6 29.Rg1 Be7
30.Rh1 Kg7 31.Ng5 Bxg5 32.Bxg5 Rf7 33.Rdd1 Rh8 34.Rxh8 Kxh8 35.Bd8 Rb7 36.Rd3 Ra7
37.Kf3 Kg7 38.e4 fxe4+ 39.Kxe4 Kf7 40.Kd5 Ke8 41.Bg5 Kd7 42.Rf3 Nb6+ 43.Ke4 Kc6
44.Rf6 Re7+ 45.Kd3 Nd7 46.Rf4 Re8 47.Kc3 Rh8 48.Bh4 Re8 49.Bg3 Re7 50.Kd2 Re6
51.Rf7 Ne5 52.Rf8 Kc7 53.Bxe5 Rxe5 54.Ra8 Kb6 55.Rb8+ Ka6 56.Rf8 Re6 57.f4 Kb7
58.Kd3 Kc7 59.Rg8 Kb6 60.Rb8+ Ka6 61.Rh8 Kb7 62.Rh6 Rf6 63.Ke4 Kc6 64.Rh8 Re6+
65.Kf3 Re1 66.Rb8 Kd7 67.Kg4 Rg1+ 68.Kf3 Ke6 69.Re8+ Kf5 70.Rf8+  1/2-1/2